| 000 | 01039cam a2200229 i 4500 | ||
|---|---|---|---|
| 999 |
_c57898 _d57898 |
||
| 001 | 18759358 | ||
| 003 | GE_BSU | ||
| 005 | 20221110163607.0 | ||
| 008 | 150825s2015 vtu b 001 0 eng | ||
| 020 | _a9781472473233x | ||
| 041 | _aeng | ||
| 080 | _a327 I-69 | ||
| 245 | 1 | 0 |
_aInterregionalism and the European Union : _ba post-revisionist approach to Europe's place in a changing world / _cedited by Mario Telò, Université libre de Bruxelles, Belgium and LUISS, Italy ; Louise Fawcett, University of Oxford, UK ; and Frederik Ponjaert, Université libre de Bruxelles, Belgium. |
| 264 | 1 |
_aBurlington, VT : _bAshgate Publishing Company, _c2015. |
|
| 300 |
_axxx, 455 pages ; _c24 cm. |
||
| 653 | _aინტერრეგიონალიზმი და ევროკავშირი | ||
| 653 | _aპოლიტიკა | ||
| 653 | _aПолитика | ||
| 700 | 1 |
_aFawcett, Louise L'Estrange, _eრედაქტორი _910858 |
|
| 700 | 1 |
_aPonjaert, Frederik, _eრედაქტორი _910859 |
|
| 942 |
_2udc _cBK |
||